Personnage des aventures de Tintin : Irma - Statistiques

Statistiques générales
  • Ce quiz a été pris 16 fois
  • Le résultat moyen est 12 sur 16
Statistiques - réponses
Questions Réponses % Correct
Albums des aventures de Tintin dans lesquels apparaît Irma. Les Bijoux de la Castafiore
100%
Objet doré appartenant à Irma ayant été volé. Des ciseaux
90%
Personnages qui accusent Irma à tort d'avoir volé le bijou préféré de sa patronne. Dupond
90%
Personnages qui accusent Irma à tort d'avoir volé le bijou préféré de sa patronne. Dupont
90%
Métal qui compose le dé d'Irma, dé qui a également été volé. L'argent
90%
Albums des aventures de Tintin dans lesquels apparaît Irma. Tintin et les Picaros
90%
Véritable coupable du vol du bijou évoqué à la question précédente et de l'objet doré appartenant à Irma. Une pie voleuse
90%
Albums des aventures de Tintin dans lesquels apparaît Irma. L'Affaire Tournesol
80%
Chef de la police bordure dont Irma annonce la visite à Bianca Castafiore dans sa loge alors que cette dernière se produit en Bordurie. Le colonel Sponsz
70%
Pays fictif dans lequel Irma a été arrêtée avec sa patronne et incarcérée. Le San Theodoros
70%
Profession d'Irma. Camériste
60%
Assemblage par une suite de points exécutés avec du fil et une aiguille, sur un vêtement par exemple, ce à quoi servait l'objet doré d'Irma (réponse #9) qui a mystérieusement disparu. La couture
60%
Personnage qui retrouve l'objet précédent. Miarka
60%
Objet dans lequel la Castafiore a caché la clef du tiroir dans lequel elle a posé ses bijoux, avant de demander à Irma de faire "un effort pour vous en souvenir, ma fille" ? Un vase
60%
Complétez cette réaction de la Castafiore lorsqu'Irma lui rapporte la disparition de l'objet doré (réponse #9) auquel elle tenait tant : "Qu'en aurais-je fait, ma fille ? Ce n'est pas à moi de _____ sur vos affaires !..." Veiller
60%
Albums des aventures de Tintin dans lesquels apparaît Irma. Tintin et l'alph-art
50%
Aucun quiz correspondant
Distribution des résultats
% des personnes avec chaque résultat
Percentile par nombre de réponses
Votre historique - résultats
Vous n’avez pas pris ce quiz